| Поле | Название | Значение |
| |
Тип записи |
a |
| |
Библиографический уровень |
m |
| 001 |
Контрольный номер |
RU/CBS_UL/BASE/b3b6d5302c724002a87cb3f800580328 |
| 005 |
Дата корректировки |
20260413104642.7 |
| 010 |
Индекс ISBN |
__ |
| a |
ISBN |
978-5-17-084282-7 |
| b |
Уточнения |
в пер. |
| d |
Цена |
10 р. 00 к. |
| 9 |
Тираж |
2 000 экз. |
| 100 |
Данные общей обработки |
__ |
| a |
Данные общей обработки |
20260413d 0rusy0189## ca |
| 101 |
Язык документа |
0_ |
| a |
Язык текста |
rus |
| 102 |
Страна публикации |
__ |
| a |
Страна публикации |
RU |
| 200 |
Заглавие и сведения об ответственности |
1_ |
| a |
Заглавие |
Три жизни Томоми Ишикава |
| e |
Сведения, относящиеся к заглавию |
[роман] |
| f |
Первые сведения об ответственности |
Б. Констэбл |
| g |
Последующие сведения об ответственности |
пер. с англ. В. С. Сергеевой |
| 210 |
Выходные данные |
1_ |
| a |
Место издания |
Москва |
| c |
Издательство |
АСТ |
| d |
Дата издания |
2015 |
| 215 |
Физическое описание |
__ |
| a |
Объем |
317, [2] с. |
| d |
Формат |
20,5 см. |
| 225 |
Серия |
2_ |
| a |
Серия |
Ангелы и демоны |
| 300 |
Общие примечания |
__ |
| a |
Общие примечания |
16+ |
| 606 |
Тематические рубрики |
0_ |
| a |
Основная рубрика |
Английская литература, 21 в. - Проза |
| 610 |
Ключевые слова |
0_ |
| a |
Ключевые слова |
зарубежная проза; поиск истины; загадочные события; психологическая проза |
| 686 |
Индексы других классификаций |
__ |
| 2 |
Код системы |
rubbk |
| a |
Классификационный индекс |
84(4Англ) |
| 700 |
Автор |
_1 |
| a |
Фамилия |
Констэбл |
| b |
Имя (инициалы) |
Б. |
| g |
Полное личное имя |
Бенджамин |
| 801 |
Источник записи |
_0 |
| a |
Страна |
RU |
| b |
Организация |
МБУК ЦБС г. Ульяновска |
| c |
Дата составления |
20260413 |
| g |
Правила каталогизации |
RCR |
| 801 |
Источник записи |
_1 |
| a |
Страна |
RU |
| b |
Организация |
МБУК ЦБС г. Ульяновска |
| c |
Дата составления |
20260413 |
| g |
Правила каталогизации |
RCR |
| 852 |
Данные о местонахождении |
__ |
| i |
Авторский знак |
К 65 |
| j |
Шифр хранения |
И(Англ) |
| 900 |
Электронные ресурсы |
__ |
| a |
Имя электронного ресурса |
констэбл три жизни |
| 901 |
Тип документа |
__ |
| t |
Тип документа |
m |
| 909 |
Создатель записи |
__ |
| a |
Создатель записи |
obr6 |
| b |
Дата создания записи |
20260413 |